000 00279nam a2200121Ia 4500
008 220216s9999 xx 000 0 und d
100 _aMorton G F
245 0 _aTyre design
260 _bProceedings of the IRI
_c1966
300 _a214-231
650 _aTyre design
942 _cJS
999 _c71646
_d71646